What Rapper Made the Song (2020s) - Statistics

General Stats
  • This quiz has been taken 43 times
  • The average score is 9 of 40
Answer Stats
Hint Answer % Correct
Blueberry Faygo (2020) Lil Mosey
71%
tv off (2024) Kendrick Lamar
62%
ALL RED (2024) PlayBoi Carti
62%
Wishing Well (2020) Juice WRLD
53%
Jimmy Cooks (2022) Drake
50%
BILLIE EILISH. (2020) Armani White
44%
Type Shit (2024) Future
44%
MODERN JAM (2023) Travis Scott
38%
Opp Stoppa (2021) YBN Nahmir
35%
all of me (2024) 21 Savage
29%
Tailor Swif (2024) A$AP Rocky
29%
Off The Grid (2021) Kanye West
29%
Bean (Kobe) (2020) Lil Uzi Vert
29%
Tell Em (2021) Cochise
26%
4x4 (2024) Don Toliver
26%
Shibuya (2024) Ski Mask the Slump God
26%
NOSTYLIST (2022) Destroy Lonely
24%
Walkin (2022) Denzel Curry
21%
Ambition For Cash (2021) Key Glock
21%
Laced max (2024) LAZER DIM 700
18%
Shake The Room (2020) Pop Smoke
18%
Holy Smokes (2021) Trippie Redd
18%
Bubbly (2021) Young Thug
15%
where's the confetti? (2022) Jev.
12%
Headshots (4r Da Locals) (2021) Isaiah Rashad
9%
Sossboy 2 (2021) Pi'erre Bourne
9%
Yeern 101 (2024) ScHoolboy Q
9%
Tweakin Together (2020) Bktherula
6%
PULL UP GHOST-CLAN (2024) Chief Keef
6%
Stick (2022) Dreamville
6%
Wavy (2020) Lil Keed
6%
Precision (2024) Big Sean
3%
Stars Out (2024) Chance the Rapper
3%
C Carter (2022) Cordae
3%
PAMPER PAMPER (2023) Dro Kenji
3%
EYE EYE EYE (2022) $NOT
3%
Patty Cake (2023) Quavo
3%
Charmander (2021) Amine
0%
EXIT 9 (2023) Killer Mike
0%
Bankroll (2020) Rich the Kid
0%
No matching quizzes found
Score Distribution
Percent of People with Each Score
Percentile by Number Answered
Your Score History
You have not taken this quiz